000 00824nam a22002055i 4500
001 165234
003 ES-MaACL
005 20230906213107.0
008 050818s1886 cl a | |||||||| ||spa d
040 _aCAM
_bspa
_cCAM
100 1 _aSerrano, Ramón.
_9132678
245 1 0 _aReconocimiento del rio Buta-Palena i del canal Fallos por el vapor de la republica "Toro" bajo la direccion del capitan graduado de fragata Don Ramon Serrano M.
260 _aSantiago de Chile :
_bImprenta Nacional,
_c1886.
300 _a136 p., [2] h. pleg. de mapas ;
_c23 cm.
599 _aLas h. pleg. de mapas: "Cárlos M. Prieto"
650 4 _aRíos-
_zChile.
_9136839
651 4 _aRío Buta-Palena (Chile)
_9137350
651 4 _aCanal Fallos (Chile)
_9137080
852 _aES-MaACL
_jT-462-F-1
_z-- Enc. hol.
_z-- Enc. en un vol. facticio
999 _c165234
_d165234